Brawl Stars: Clash Skins by Picture - Statistics

General Stats
  • This quiz has been taken 57 times
    13 since last reset
  • The average score is 8 of 10
Answer Stats
Picture Answer % Correct
Hog Rider Carl
100%
P.E.K.K.A.S.H
100%
Goblin Carl
91%
Night Witch Mortis
91%
Blue King Frank
82%
Red King Frank
82%
Red Wizard Barley
82%
Wizard Barley
82%
Witch Mandy
73%
Barbarian King Bull
55%
No matching quizzes found
Score Distribution
Percent of People with Each Score
Percentile by Number Answered
Your Score History
You have not taken this quiz since the last reset